| 000 | 00635nam a2200193 a 4500 | ||
|---|---|---|---|
| 005 | 20221118063725.0 | ||
| 008 | 991125s1956 mx 000 0 spa u | ||
| 035 | _aUPN01000000199 | ||
| 049 | _aLT | ||
| 050 | 4 |
_aLB1573 M6.1 _bG3.2 |
|
| 100 | 1 |
_aGarcía Ruiz, Ramón, _d1908-1995 _930394 |
|
| 245 | 1 | 0 |
_aABCD : _blibro primero para la enseñanza de la lectura escritura / _cRamón García Ruiz. |
| 260 |
_aMéxico : _bEl Estudiante, _c1956. |
||
| 300 |
_a103 p. : _bil. |
||
| 650 | 4 |
_aEscritura _xEstudio y enseñanza (Elemental) _92804 |
|
| 650 | 4 |
_aLectura _xEstudio y enseñanza (Elemental) _92805 |
|
| 905 | _aLibro | ||
| 999 |
_c199 _d199 |
||